000 00327nam a2200133Ia 4500
008 150301s2005 xx 000 0 und d
082 _a610.7
_bP05O
100 _aO'SHEA, ROSE ANE
245 _aPRINCIPLES & PRACTICE OF TRAMA NURSING
260 _bELSEVER
_c2005
300 _a735
650 _aTRAUMA NURSING
942 _2ddc
_cBK
999 _c6872
_d6872